| 000 | 00856nam a22002175i 4500 | ||
|---|---|---|---|
| 001 | 157974 | ||
| 003 | ES-MaACL | ||
| 005 | 20250717081034.0 | ||
| 008 | 020726s1893 sp |||| | spa d | ||
| 100 | 1 |
_aLopetedi, Pablo. _9129053 |
|
| 245 | 1 | 0 |
_aConsideraciones sobre el tratamiento de la pulmonía / _cmemoria que presenta Pablo Lopetedi, hecha para optar al doctorado. |
| 260 |
_aMadrid : _b[s.n.], _c1893 ( _fEstab. Tip. de G. Pedraza) |
||
| 300 |
_a32 p. ; _c23 cm. |
||
| 502 | _aTesis-Univ. Central, 1893. | ||
| 650 | 4 |
_aPulmones- _xEnfermedades. _9136791 |
|
| 650 | 4 |
_aNeumonía- _xTratamiento. _9157101 |
|
| 710 | 2 |
_aUniversidad Central (Madrid). _bFacultad de Medicina _97093 |
|
| 752 |
_aEspaña - _dMadrid |
||
| 852 |
_aES-MaACL _jT-686-F-8 _z- Enc. hol. conservando cub. original _z- Enc. en un vol. facticio |
||
| 999 |
_c157974 _d157974 |
||